000 00638nam a2200169 a 4500
005 20240530063904.0
008 991125s1976 pn 000 0 spa u
035 _aUPN01000003704
049 _aCG
050 4 _aL246
_bP3.3
110 1 _aPanamá.
_bMinisterio de Educación
_928593
245 1 0 _aAplicación de las recomendaciones de la Conferencia de Ministros de Educación de América Latina y el Caribe celebrada en Venezuela en 1971 :
_binforme nacional presentado... /
_cMinisterio de Educación.
260 _aPanamá :
_bMinisterio de Educación,
_c1976.
300 _a180 p.
650 4 _aEducación
_zPanamá
_99710
905 _aLibro
999 _c3704
_d3704